Un bosque encantado y el misterio del agua / (Registro nro. 4514)

Detalles MARC
000 -LEADER
fixed length control field 01163nam a2200301Ia 4500
003 - CONTROL NUMBER IDENTIFIER
control field OSt
005 - DATE AND TIME OF LATEST TRANSACTION
control field 20200529153438.0
008 - FIXED-LENGTH DATA ELEMENTS--GENERAL INFORMATION
fixed length control field 191128s9999 xx 000 0 und d
020 ## - INTERNATIONAL STANDARD BOOK NUMBER
International Standard Book Number 9789584267283
040 ## - CATALOGING SOURCE
Original cataloging agency CO-JMCR
Transcribing agency CO-JMCR
041 ## - LANGUAGE CODE
Language code of text/sound track or separate title spa
082 ## - DEWEY DECIMAL CLASSIFICATION NUMBER
Classification number C /
Item number RIVu
100 ## - MAIN ENTRY--PERSONAL NAME
Personal name Rivera Caicedo, Camila, autora
9 (RLIN) 4873
245 #0 - TITLE STATEMENT
Title Un bosque encantado y el misterio del agua /
245 #0 - TITLE STATEMENT
Statement of responsibility, etc. Camila Rivera, Daniel Roa, Tatiana Samper ; ilustrado por Alejandra Céspedes
250 ## - EDITION STATEMENT
Edition statement Primera edición
260 ## - PUBLICATION, DISTRIBUTION, ETC.
Place of publication, distribution, etc. Bogotá
260 ## - PUBLICATION, DISTRIBUTION, ETC.
Name of publisher, distributor, etc. Planeta Junior
260 ## - PUBLICATION, DISTRIBUTION, ETC.
Date of publication, distribution, etc. 2018
300 ## - PHYSICAL DESCRIPTION
Extent 102 páginas
300 ## - PHYSICAL DESCRIPTION
Other physical details principalmente ilustraciones a color
300 ## - PHYSICAL DESCRIPTION
Dimensions 22 cm. x 27 cm. + 1 CD
500 ## - GENERAL NOTE
General note Incluye datos biográficos de los autores
520 ## - SUMMARY, ETC.
Summary, etc. El agua y los colores han desaparecido de la aldea Arco Iris. Dos hermanos, Aluna y Karún, deberán recorrer el Bosque Encantado para resolver este misterio y descubrir sus poderes interiores.
650 ## - SUBJECT ADDED ENTRY--TOPICAL TERM
Topical term or geographic name entry element Cuentos infantiles colombianos
9 (RLIN) 4874
799 ## - LOCAL ADDED ENTRY--UNIFORM TITLE (RLIN)
Uniform title Roa Concha, Daniel, autor ; Samper Restrepo, Tatiana, autora ; Céspedes, Alejandra, ilustradora
942 ## - ADDED ENTRY ELEMENTS (KOHA)
Source of classification or shelving scheme Dewey Decimal Classification
Koha item type Books
Existencias
Withdrawn status Lost status Source of classification or shelving scheme Damaged status Not for loan Collection code Home library Current library Date acquired Source of acquisition Cost, normal purchase price Total Checkouts Total Renewals Full call number Barcode Date last seen Date last checked out Copy number Koha item type
    Dewey Decimal Classification     Fiction Biblioteca Pública José María del Castillo y Rada Biblioteca Pública José María del Castillo y Rada 11/28/2019 Donación 0.00 8 5 C / RIVu 201809379 03/31/2026 03/31/2026 Ej.1 Books